Statistics for What are the British names of these foods?

Click here to take the quiz!

General Stats

  • This quiz has been taken 82 times
  • The average score is 9 of 15

Answer Stats

Answer% Correct
chips
99%
crisps
96%
biscuits
82%
aubergine
76%
candy floss
74%
cutlery
62%
porridge
61%
courgette
55%
ice lolly
53%
scone
51%
sweets
50%
coriander
47%
profiteroles
22%
saucepan
18%
picky bits
12%

Score Distribution

Percentile by Number Answered

Percent of People with Each Score

Your Score History

You have not taken this quiz